[Event "IECG CP.2000.Q.00027"]
[Site "IECG email"]
[Date "2001.10.01"]
[Round "?"]
[White "Castillo, German"]
[Black "Ros, Antonio"]
[Result "1/2-1/2"]
[WhiteElo "1659"]
[BlackElo "2145"]
[PlyCount "68"]
[EventDate "2001.10.01"]
[EventType "tourn (corr)"]
[EventRounds "6"]
[SourceTitle "Corr 2008"]
[Source "ChessBase"]
[SourceDate "2008.06.24"]
[SourceVersion "1"]
[SourceVersionDate "2008.06.24"]
[SourceQuality "1"]

1. e4 e5 2. Nf3 Nc6 3. Bb5 a6 4. Bxc6 dxc6 5. 0-0 f6 6. d4 Bg4 7. c3 Bd6 8. Be3 Qe7 9. Nbd2 0-0-0 10. Qc2 exd4 11. cxd4 Re8 12. Rfc1 Bxf3 13. gxf3 Qf7 14. Nc4 Qg6+ 15. Kh1 Qh5 16. Nxd6+ cxd6 17. Qd1 d5 18. exd5 Qxd5 19. b4 Ne7 20. a4 Qf5 21. b5 Kd7 22. Rc5 Nd5 23. bxc6+ bxc6 24. Rac1 Rc8 25. Ra5 Nxe3 26. Rxf5 Nxd1 27. Rxd1 Rb8 28. Rc5 Rhc8 29. d5 Kd6 30. Ra5 Rb6 31. dxc6+ Kxc6 32. Kg2 Rc7 33. Rh5 h6 34. Rh4 Re7 1/2-1/2

[Event "IECG CM.2001.0.00154"]
[Site "IECG email"]
[Date "2001.09.09"]
[Round "?"]
[White "Ros, Antonio"]
[Black "Myatt, John R"]
[Result "1-0"]
[WhiteElo "2145"]
[BlackElo "2313"]
[PlyCount "53"]
[EventDate "2001.09.09"]
[EventType "tourn (corr)"]
[EventRounds "6"]
[SourceTitle "Corr 2008"]
[Source "ChessBase"]
[SourceDate "2008.06.24"]
[SourceVersion "1"]
[SourceVersionDate "2008.06.24"]
[SourceQuality "1"]

1. c4 Nf6 2. Nc3 e6 3. Nf3 c5 4. g3 b6 5. Bg2 Bb7 6. 0-0 Be7 7. d4 cxd4 8. Qxd4 d6 9. b3 Nbd7 10. Nb5 d5 11. cxd5 Bxd5 12. Bf4 0-0 13. Rac1 Bc5 14. Qa1 Bb7 15. Rfd1 Qe7 16. b4 Bxb4 17. Rc7 Ba6 18. Nbd4 Rfc8 19. Nc6 Qf8 20. Nxb4 Qxb4 21. Rdxd7 Nxd7 22. Rxd7 Rd8 23. Rd4 Rxd4 24. Nxd4 Rc8 25. Nc6 Qc5 26. Qd1 h6 27. Bd6 1-0

[Event "IECG LA.2001.0.00002 email"]
[Site "IECG email"]
[Date "2001.08.31"]
[Round "?"]
[White "Alvebring, Martin"]
[Black "Ros, Antonio"]
[Result "1/2-1/2"]
[WhiteElo "2173"]
[BlackElo "2152"]
[PlyCount "52"]
[EventDate "2001.08.31"]
[EventType "tourn (corr)"]
[EventRounds "14"]
[SourceTitle "Corr 2008"]
[Source "ChessBase"]
[SourceDate "2008.06.24"]
[SourceVersion "1"]
[SourceVersionDate "2008.06.24"]
[SourceQuality "1"]

1. c4 e6 2. Nc3 d5 3. d4 Nf6 4. Nf3 c6 5. e3 Nbd7 6. Qc2 Bd6 7. Be2 0-0 8. 0-0 Re8 9. Rd1 Qe7 10. h3 h6 11. a3 dxc4 12. Bxc4 e5 13. Nh4 Nf8 14. dxe5 Qxe5 15. Nf3 Qe7 16. b4 Be6 17. Bxe6 Nxe6 18. Bb2 Rad8 19. Kf1 Nd7 20. Ne2 c5 21. bxc5 Ndxc5 22. Ned4 Nxd4 23. Nxd4 Be5 24. Rac1 Rc8 25. Kg1 b6 26. a4 Qb7 1/2-1/2

[Event "IECG LA.2001.0.00002 email"]
[Site "IECG email"]
[Date "2001.08.31"]
[Round "?"]
[White "Gallet, Gilles"]
[Black "Ros, Antonio"]
[Result "1/2-1/2"]
[WhiteElo "2061"]
[BlackElo "2152"]
[PlyCount "59"]
[EventDate "2001.08.31"]
[EventType "tourn (corr)"]
[EventRounds "14"]
[SourceTitle "Corr 2008"]
[Source "ChessBase"]
[SourceDate "2008.06.24"]
[SourceVersion "1"]
[SourceVersionDate "2008.06.24"]
[SourceQuality "1"]

1. d4 d5 2. Nf3 Nf6 3. Bg5 e6 4. Nbd2 Be7 5. e3 Nbd7 6. Bd3 b6 7. c3 Bb7 8. Qc2 c5 9. 0-0 0-0 10. Rae1 c4 11. Be2 b5 12. Ne5 Nxe5 13. dxe5 Nd7 14. Bxe7 Qxe7 15. f4 f6 16. exf6 Nxf6 17. Nf3 a6 18. Rd1 Rad8 19. Ne5 Nd7 20. Nxd7 Rxd7 21. Bg4 Rdd8 22. Qd2 Rde8 23. Bh5 Ra8 24. Qd4 Rf6 25. a3 Raf8 26. Qa7 Qc7 27. Bg4 Qc6 28. Rd2 Ba8 29. Rff2 R6f7 30. Qd4 1/2-1/2

[Event "IECG LA.2001.0.00002 email"]
[Site "IECG email"]
[Date "2001.08.31"]
[Round "?"]
[White "Ros, Antonio"]
[Black "Balcazar Novoa, Luis Marcos"]
[Result "1-0"]
[WhiteElo "2152"]
[BlackElo "2077"]
[PlyCount "47"]
[EventDate "2001.08.31"]
[EventType "tourn (corr)"]
[EventRounds "14"]
[SourceTitle "Corr 2008"]
[Source "ChessBase"]
[SourceDate "2008.06.24"]
[SourceVersion "1"]
[SourceVersionDate "2008.06.24"]
[SourceQuality "1"]

1. c4 e5 2. g3 Nc6 3. Bg2 g6 4. Nc3 Bg7 5. e4 d6 6. Nge2 f5 7. d3 Nf6 8. 0-0 0-0 9. Nd5 Rb8 10. Bg5 Ne7 11. Nxf6+ Bxf6 12. Bxf6 Rxf6 13. f4 c5 14. Nc3 a6 15. Qd2 b5 16. Rae1 exf4 17. Rxf4 Kg7 18. Rf2 Rf7 19. d4 b4 20. Na4 Qa5 21. b3 Qc7 22. dxc5 dxc5 23. e5 Nc6 24. e6 1-0

[Event "IECG LA.2001.0.00002 email"]
[Site "IECG email"]
[Date "2001.08.31"]
[Round "?"]
[White "Ros, Antonio"]
[Black "Garcia, Hamlet Danilo"]
[Result "1-0"]
[WhiteElo "2152"]
[BlackElo "2072"]
[PlyCount "105"]
[EventDate "2001.08.31"]
[EventType "tourn (corr)"]
[EventRounds "14"]
[SourceTitle "Corr 2008"]
[Source "ChessBase"]
[SourceDate "2008.06.24"]
[SourceVersion "1"]
[SourceVersionDate "2008.06.24"]
[SourceQuality "1"]

1. c4 Nf6 2. g3 e5 3. Bg2 d5 4. cxd5 Nxd5 5. Nc3 Nb6 6. Nf3 Nc6 7. 0-0 Bg4 8. a3 Rb8 9. d3 Bd6 10. b4 0-0 11. Ne4 f5 12. Nxd6 cxd6 13. Bb2 Rc8 14. Qb3+ Kh8 15. Rac1 Qf6 16. b5 Ne7 17. Rxc8 Rxc8 18. Rc1 Rxc1+ 19. Bxc1 f4 20. Bb2 Ng6 21. a4 Nd7 22. Qc2 Nc5 23. Nxe5 Nxe5 24. d4 Qg6 25. Qxg6 Nxg6 26. dxc5 dxc5 27. Bxb7 Bxe2 28. Be4 fxg3 29. hxg3 Nf8 30. Ba3 Nd7 31. Bc6 Ne5 32. Bxc5 Nxc6 33. bxc6 Kg8 34. c7 Ba6 35. f4 h5 36. Bxa7 Kf7 37. Kg2 Ke7 38. Kh3 g6 39. Bd4 Kd7 40. Be5 Ke6 41. g4 hxg4+ 42. Kxg4 Kd7 43. Kg5 Bd3 44. a5 Kc8 45. a6 Kd7 46. a7 Be4 47. a8Q Bxa8 48. Kxg6 Bd5 49. f5 Be4 50. Kg5 Bd5 51. f6 Bf7 52. Kh6 Kc8 53. Kg7 1-0

[Event "IECG LA.2001.0.00002 email"]
[Site "IECG email"]
[Date "2001.08.31"]
[Round "?"]
[White "Ros, Antonio"]
[Black "Marez, Sebastien"]
[Result "1/2-1/2"]
[WhiteElo "2152"]
[BlackElo "2089"]
[PlyCount "60"]
[EventDate "2001.08.31"]
[EventType "tourn (corr)"]
[EventRounds "14"]
[SourceTitle "Corr 2008"]
[Source "ChessBase"]
[SourceDate "2008.06.24"]
[SourceVersion "1"]
[SourceVersionDate "2008.06.24"]
[SourceQuality "1"]

1. c4 c6 2. e4 d5 3. exd5 cxd5 4. d4 Nf6 5. Nc3 e6 6. Nf3 Bb4 7. cxd5 Nxd5 8. Bd2 0-0 9. Bd3 Nc6 10. 0-0 Be7 11. a3 Bf6 12. Qc2 h6 13. Be3 Bd7 14. Rac1 a6 15. Rfd1 Rc8 16. Qe2 Re8 17. Ne4 Be7 18. b4 Rc7 19. Nc5 Bd6 20. Bb1 Nce7 21. Nxd7 Rxd7 22. Re1 Rc7 23. Bd2 Rxc1 24. Rxc1 Nf5 25. Be4 Qd7 26. Qc4 Nf6 27. Bc2 Rc8 28. Qe2 Bc7 29. Bxf5 exf5 30. Qd3 Rd8 1/2-1/2

[Event "IECG LA.2001.0.00001 email"]
[Site "IECG email"]
[Date "2001.05.29"]
[Round "?"]
[White "Garcia, Hamlet Danilo"]
[Black "Ros, Antonio"]
[Result "0-1"]
[WhiteElo "2115"]
[BlackElo "2138"]
[PlyCount "61"]
[EventDate "2001.05.29"]
[EventType "tourn (corr)"]
[EventRounds "14"]
[SourceTitle "Corr 2008"]
[Source "ChessBase"]
[SourceDate "2008.06.24"]
[SourceVersion "1"]
[SourceVersionDate "2008.06.24"]
[SourceQuality "1"]

1. e4 c5 2. Nf3 Nc6 3. d4 cxd4 4. Nxd4 g6 5. Nc3 Bg7 6. Be3 Nf6 7. Bc4 Qa5 8. 0-0 0-0 9. Bb3 d6 10. h3 Bd7 11. f4 Qh5 12. f5 Kh8 13. Qxh5 Nxh5 14. Nde2 gxf5 15. exf5 Bxc3 16. bxc3 Ne5 17. Rae1 a5 18. Bd4 Nf6 19. Bd5 Nxd5 20. c4 Nb4 21. f6 Rfe8 22. fxe7 Rxe7 23. Nf4 Nxc2 24. Nd5 Nxe1 25. Nxe7 Nc2 26. Bc3 Re8 27. Nd5 Be6 28. Rd1 Bxd5 29. Rxd5 Ne3 30. Rxd6 N3xc4 31. Rd7 0-1

[Event "IECG LA.2001.0.00001 email"]
[Site "IECG email"]
[Date "2001.05.29"]
[Round "?"]
[White "Marez, Sebastien"]
[Black "Ros, Antonio"]
[Result "1/2-1/2"]
[WhiteElo "2107"]
[BlackElo "2138"]
[PlyCount "115"]
[EventDate "2001.05.29"]
[EventType "tourn (corr)"]
[EventRounds "14"]
[SourceTitle "Corr 2008"]
[Source "ChessBase"]
[SourceDate "2008.06.24"]
[SourceVersion "1"]
[SourceVersionDate "2008.06.24"]
[SourceQuality "1"]

1. e4 c5 2. c3 d5 3. exd5 Qxd5 4. d4 Nf6 5. Nf3 Bg4 6. dxc5 Qxc5 7. h3 Bd7 8. Na3 e6 9. Be3 Qa5 10. Nc4 Qc7 11. Nce5 Bd6 12. Nxd7 Nbxd7 13. Bb5 0-0 14. 0-0 Nc5 15. Re1 Rad8 16. Qc2 a6 17. Bf1 Bf4 18. Bxf4 Qxf4 19. b4 Ncd7 20. Rad1 Rfe8 21. Bd3 h6 22. a3 Qc7 23. c4 b6 24. Rd2 Nb8 25. Qc3 Nbd7 26. Red1 Re7 27. Qd4 e5 28. Qe3 e4 29. Bf1 Ree8 30. Nd4 Ne5 31. Nf5 Rxd2 32. Qxd2 Kh7 33. Ne3 Qc6 34. Nd5 Ned7 35. Qe3 Re5 36. Rd4 Kh8 37. Be2 Kg8 38. Nc3 Nf8 39. Rd8 Qc7 40. Rd1 a5 41. Nb5 Qe7 42. Nd4 Qc7 43. Rb1 N8d7 44. Nb5 Qb8 45. Rd1 Re6 46. Bf1 Qe5 47. Rd4 axb4 48. axb4 Rc6 49. Rd2 Qe7 50. Nd4 Rc8 51. Nf5 Qxb4 52. Qg3 g6 53. Nxh6+ Kh7 54. Qf4 e3 55. Ra2 e2 56. Rxe2 Rxc4 57. Qd2 Kg7 58. Qa2 1/2-1/2

[Event "IECG LA.2001.0.00001 email"]
[Site "IECG email"]
[Date "2001.05.29"]
[Round "?"]
[White "Oestergaard, Allan"]
[Black "Ros, Antonio"]
[Result "0-1"]
[WhiteElo "2100"]
[BlackElo "2138"]
[PlyCount "136"]
[EventDate "2001.05.29"]
[EventType "tourn (corr)"]
[EventRounds "14"]
[SourceTitle "Corr 2008"]
[Source "ChessBase"]
[SourceDate "2008.06.24"]
[SourceVersion "1"]
[SourceVersionDate "2008.06.24"]
[SourceQuality "1"]

1. e4 c5 2. Nf3 Nc6 3. Nc3 g6 4. Bb5 Bg7 5. Qe2 Nd4 6. Nxd4 cxd4 7. Nb1 Nf6 8. c3 a6 9. Ba4 b5 10. Bb3 Bb7 11. d3 dxc3 12. Nxc3 d6 13. 0-0 0-0 14. Bd2 e6 15. a3 Rc8 16. Rac1 Nd7 17. f4 Re8 18. Ba2 Qe7 19. Be3 Rc7 20. Qd2 Kh8 21. Rc2 d5 22. e5 f6 23. d4 Nb6 24. Bf2 Nc4 25. Qe2 Rec8 26. Rfc1 g5 27. Bxc4 dxc4 28. Be3 Rg8 29. Rd1 Rd7 30. Rcd2 gxf4 31. Bxf4 fxe5 32. dxe5 Rxd2 33. Rxd2 Rd8 34. Bg3 Qc5+ 35. Bf2 Qc7 36. Qh5 h6 37. Rxd8+ Qxd8 38. Be3 Kh7 39. g4 Bc6 40. Qh3 Qd3 41. Kf2 Qc2+ 42. Ne2 Qxb2 43. Bxh6 Bxh6 44. g5 Qxe5 45. Qxh6+ Kg8 46. h4 a5 47. Qg6+ Kf8 48. Qh6+ Ke7 49. g6 b4 50. axb4 axb4 51. Qh7+ Kd6 52. g7 Qh2+ 53. Ke3 Qh3+ 54. Kf2 Qg2+ 55. Ke1 Bf3 56. Qc2 Bd5 57. Qh7 Qh1+ 58. Kf2 Qh2+ 59. Ke3 Qh3+ 60. Kf2 Qf5+ 61. Qxf5 exf5 62. Ke3 Ke5 63. h5 Bg8 64. Nf4 b3 65. Ne2 f4+ 66. Kd2 f3 67. Nc3 Kd4 68. Nb5+ Kc5 0-1

[Event "IECG LA.2001.0.00001 email"]
[Site "IECG email"]
[Date "2001.05.29"]
[Round "?"]
[White "Ros, Antonio"]
[Black "Grazinys, Vidmantas"]
[Result "1/2-1/2"]
[WhiteElo "2138"]
[BlackElo "2089"]
[PlyCount "36"]
[EventDate "2001.05.29"]
[EventType "tourn (corr)"]
[EventRounds "14"]
[SourceTitle "Corr 2008"]
[Source "ChessBase"]
[SourceDate "2008.06.24"]
[SourceVersion "1"]
[SourceVersionDate "2008.06.24"]
[SourceQuality "1"]

1. c4 c5 2. Nc3 Nc6 3. g3 g6 4. Bg2 Bg7 5. Nf3 e6 6. 0-0 Nge7 7. d3 0-0 8. Bd2 b6 9. a3 Bb7 10. Rb1 d5 11. cxd5 Nxd5 12. Qa4 Nd4 13. Nxd4 cxd4 14. Nxd5 Bxd5 15. Bxd5 Qxd5 16. Rbc1 b5 17. Qc2 Rfe8 18. Qc6 Qxc6 1/2-1/2

[Event "IECG LA.2001.0.00001 email"]
[Site "IECG email"]
[Date "2001.05.29"]
[Round "?"]
[White "Ros, Antonio"]
[Black "Kluge, Thomas"]
[Result "1/2-1/2"]
[WhiteElo "2138"]
[BlackElo "2050"]
[PlyCount "88"]
[EventDate "2001.05.29"]
[EventType "tourn (corr)"]
[EventRounds "14"]
[SourceTitle "Corr 2008"]
[Source "ChessBase"]
[SourceDate "2008.06.24"]
[SourceVersion "1"]
[SourceVersionDate "2008.06.24"]
[SourceQuality "1"]

1. c4 c5 2. Nc3 Nc6 3. g3 g6 4. Bg2 Bg7 5. Nf3 e6 6. 0-0 Nge7 7. d3 0-0 8. Bd2 b6 9. a3 Bb7 10. Rb1 d5 11. cxd5 exd5 12. b4 cxb4 13. axb4 d4 14. Ne4 Nd5 15. b5 Nce7 16. Qb3 Qd7 17. Rfc1 f5 18. Bh3 Kh8 19. Qb2 Nc7 20. Neg5 Rac8 21. Bg2 h6 22. Nh3 Ned5 23. Nf4 Nxf4 24. Bxf4 Nd5 25. Be5 Nc3 26. Bxg7+ Qxg7 27. Nxd4 Nxb1 28. Bxb7 Rxc1+ 29. Qxc1 Qxb7 30. Qxb1 a5 31. bxa6 Qxa6 32. Qc1 Kg8 33. Nf3 f4 34. gxf4 b5 35. Qd2 Qa4 36. e4 b4 37. Ne5 Qa1+ 38. Kg2 b3 39. Qb4 b2 40. Qb6 b1Q 41. Qxg6+ Kh8 42. Qxh6+ Kg8 43. Qg6+ Kh8 44. Qh6+ Kg8 1/2-1/2

[Event "IECG LA.2001.0.00001 email"]
[Site "IECG email"]
[Date "2001.05.29"]
[Round "?"]
[White "Ros, Antonio"]
[Black "Mulenko, Aleksandr Ivanovich"]
[Result "1-0"]
[WhiteElo "2138"]
[BlackElo "2172"]
[PlyCount "33"]
[EventDate "2001.05.29"]
[EventType "tourn (corr)"]
[EventRounds "14"]
[SourceTitle "Corr 2008"]
[Source "ChessBase"]
[SourceDate "2008.06.24"]
[SourceVersion "1"]
[SourceVersionDate "2008.06.24"]
[SourceQuality "1"]

1. c4 e6 2. Nc3 d5 3. d4 c6 4. e3 Nf6 5. Nf3 Nbd7 6. Qc2 Bd6 7. Be2 0-0 8. 0-0 dxc4 9. Bxc4 a6 10. Rd1 c5 11. dxc5 Bxc5 12. Bd3 Qc7 13. b3 Bd6 14. Bb2 Nc5 15. Rac1 Qe7 16. Be2 b6 17. Ng5 1-0

[Event "IECG LA.2001.0.00001 email"]
[Site "IECG email"]
[Date "2001.05.29"]
[Round "?"]
[White "Ros, Antonio"]
[Black "Wurschner, Miroslav"]
[Result "1/2-1/2"]
[WhiteElo "2138"]
[BlackElo "2108"]
[PlyCount "63"]
[EventDate "2001.05.29"]
[EventType "tourn (corr)"]
[EventRounds "14"]
[SourceTitle "Corr 2008"]
[Source "ChessBase"]
[SourceDate "2008.06.24"]
[SourceVersion "1"]
[SourceVersionDate "2008.06.24"]
[SourceQuality "1"]

1. c4 Nf6 2. Nc3 g6 3. g3 Bg7 4. Bg2 0-0 5. Nf3 d6 6. 0-0 c5 7. d3 Nc6 8. a3 Bd7 9. Rb1 a5 10. Bd2 Ne8 11. Qc1 Nd4 12. Bh6 Bc6 13. Bxg7 Nxg7 14. Ne1 Bxg2 15. Nxg2 Nc6 16. b3 Rb8 17. e3 e6 18. Rd1 Nf5 19. Nb5 Qe7 20. d4 cxd4 21. exd4 Qf6 22. Qc3 e5 23. dxe5 dxe5 24. Ne3 Nfd4 25. Nd5 Qf5 26. Qd3 Qxd3 27. Rxd3 Kg7 28. Re1 f6 29. f4 Nxb5 30. cxb5 Nd4 31. fxe5 fxe5 32. Kg2 1/2-1/2

[Event "IECG LA.2001.0.00001 email"]
[Site "IECG email"]
[Date "2001.05.29"]
[Round "?"]
[White "Vujadinovic, Milan"]
[Black "Ros, Antonio"]
[Result "1/2-1/2"]
[WhiteElo "2025"]
[BlackElo "2138"]
[PlyCount "83"]
[EventDate "2001.05.29"]
[EventType "tourn (corr)"]
[EventRounds "14"]
[SourceTitle "Corr 2008"]
[Source "ChessBase"]
[SourceDate "2008.06.24"]
[SourceVersion "1"]
[SourceVersionDate "2008.06.24"]
[SourceQuality "1"]

1. Nf3 d5 2. c4 e6 3. g3 Nf6 4. Bg2 Be7 5. 0-0 0-0 6. b3 c5 7. Bb2 Nc6 8. cxd5 exd5 9. d4 Ne4 10. Nc3 Bf6 11. Na4 b6 12. Rc1 Ba6 13. dxc5 Bxb2 14. Nxb2 bxc5 15. Na4 Re8 16. Re1 c4 17. Nd2 Qf6 18. Nxe4 dxe4 19. bxc4 Rad8 20. Qb3 e3 21. f4 Nd4 22. Qa3 Qg6 23. Nc5 Bc8 24. Qb2 Qf6 25. Kh1 Bg4 26. Bd5 Rb8 27. Nb3 Nxb3 28. Qxf6 gxf6 29. axb3 Rxb3 30. Ra1 Re7 31. Kg2 Kg7 32. Ra2 Rc3 33. Rea1 a6 34. h3 Bc8 35. Ra3 Rc2 36. R1a2 Rc1 37. Rb3 h5 38. Raa3 Rc2 39. Rxe3 Rxe2+ 40. Rxe2 Rxe2+ 41. Kf3 Re7 42. Kf2 1/2-1/2

[Event "IECG L1.2001.0.00021 email"]
[Site "IECG email"]
[Date "2001.04.01"]
[Round "?"]
[White "Burns, Stephen F"]
[Black "Ros, Antonio"]
[Result "1/2-1/2"]
[WhiteElo "1676"]
[BlackElo "2147"]
[PlyCount "43"]
[EventDate "2001.04.01"]
[EventType "tourn (corr)"]
[EventRounds "14"]
[SourceTitle "Corr 2008"]
[Source "ChessBase"]
[SourceDate "2008.06.24"]
[SourceVersion "1"]
[SourceVersionDate "2008.06.24"]
[SourceQuality "1"]

1. e4 c5 2. Nf3 Nc6 3. d4 cxd4 4. Nxd4 g6 5. c4 Bg7 6. Be3 Nf6 7. Nc3 0-0 8. Be2 d6 9. 0-0 Bd7 10. Qd2 Nxd4 11. Bxd4 Bc6 12. f3 a5 13. b3 Nd7 14. Be3 Nc5 15. Rab1 Qb6 16. Rfc1 Rfc8 17. Rc2 Qd8 18. Bf1 Be5 19. Nd1 Qe8 20. Nf2 Bg7 21. Bh6 Bh8 22. Be3 1/2-1/2

[Event "IECG L1.2001.0.00021 email"]
[Site "IECG email"]
[Date "2001.04.01"]
[Round "?"]
[White "Ros, Antonio"]
[Black "Rossello Padron, Carlos Eduardo"]
[Result "1-0"]
[WhiteElo "2147"]
[BlackElo "1940"]
[PlyCount "99"]
[EventDate "2001.04.01"]
[EventType "tourn (corr)"]
[EventRounds "14"]
[SourceTitle "Corr 2008"]
[Source "ChessBase"]
[SourceDate "2008.06.24"]
[SourceVersion "1"]
[SourceVersionDate "2008.06.24"]
[SourceQuality "1"]

1. c4 Nf6 2. Nc3 e5 3. g3 g6 4. Bg2 Bg7 5. Nf3 Nc6 6. 0-0 0-0 7. d3 d6 8. Rb1 Bd7 9. b4 a6 10. a4 Qc8 11. Bg5 Bh3 12. Bxf6 Bxf6 13. Nd5 Bd8 14. Bxh3 Qxh3 15. e3 Nb8 16. d4 Nd7 17. dxe5 dxe5 18. e4 c6 19. Ne3 Bf6 20. a5 Qe6 21. c5 Rad8 22. Qe2 Be7 23. Rfd1 Nb8 24. Qc4 Qxc4 25. Nxc4 f6 26. Kf1 Kf7 27. g4 h6 28. h4 h5 29. g5 Ke6 30. Ke2 Rxd1 31. Rxd1 Nd7 32. gxf6 Bxf6 33. Rg1 Rg8 34. Nd6 b5 35. axb6 Nxb6 36. Ra1 Ra8 37. Nb7 Nc8 38. Rd1 Ke7 39. Na5 Na7 40. Rd6 Rc8 41. Ng5 Rf8 42. Ke3 Bxg5+ 43. hxg5 Rc8 44. Nc4 Nb5 45. Rxg6 Nd4 46. Nxe5 Nc2+ 47. Kd3 Nxb4+ 48. Kc4 a5 49. Rh6 h4 50. Rh7+ 1-0

[Event "IECG L1.2001.0.00021 email"]
[Site "IECG email"]
[Date "2001.04.01"]
[Round "?"]
[White "Ros, Antonio"]
[Black "Trani, Francesco"]
[Result "1-0"]
[WhiteElo "2147"]
[BlackElo "2075"]
[PlyCount "81"]
[EventDate "2001.04.01"]
[EventType "tourn (corr)"]
[EventRounds "14"]
[SourceTitle "Corr 2008"]
[Source "ChessBase"]
[SourceDate "2008.06.24"]
[SourceVersion "1"]
[SourceVersionDate "2008.06.24"]
[SourceQuality "1"]

1. c4 Nf6 2. Nc3 e5 3. g3 Bb4 4. Bg2 0-0 5. Nf3 Re8 6. 0-0 e4 7. Nd4 Nc6 8. Nc2 Bxc3 9. dxc3 Ne5 10. Ne3 d6 11. f4 Neg4 12. Nd5 e3 13. Rf3 Nxd5 14. cxd5 c6 15. Qb3 a5 16. h3 Nf2 17. dxc6 bxc6 18. Kh2 Ba6 19. Rxe3 d5 20. Rxe8+ Qxe8 21. Qb6 Ne4 22. Qxa5 Bxe2 23. Qb6 Bb5 24. Qe3 Bc4 25. a4 f5 26. b4 Qg6 27. a5 Ba6 28. Bb2 Re8 29. c4 dxc4 30. Rd1 Bc8 31. Be5 Qh6 32. a6 Bxa6 33. Qb6 c5 34. Qc7 Nf6 35. Bd5+ Nxd5 36. Rxd5 Bb5 37. Rxc5 Ba4 38. Qa7 Rd8 39. Rc7 Rd2+ 40. Kg1 Rd1+ 41. Kf2 1-0

[Event "IECG L1.2001.0.00021 email"]
[Site "IECG email"]
[Date "2001.04.01"]
[Round "?"]
[White "Sanmartino, Gianluca"]
[Black "Ros, Antonio"]
[Result "1/2-1/2"]
[WhiteElo "1600"]
[BlackElo "2147"]
[PlyCount "80"]
[EventDate "2001.04.01"]
[EventType "tourn (corr)"]
[EventRounds "14"]
[SourceTitle "Corr 2008"]
[Source "ChessBase"]
[SourceDate "2008.06.24"]
[SourceVersion "1"]
[SourceVersionDate "2008.06.24"]
[SourceQuality "1"]

1. e4 c5 2. Nf3 Nc6 3. d4 cxd4 4. Nxd4 g6 5. c4 Bg7 6. Be3 Nf6 7. Nc3 0-0 8. Be2 d6 9. 0-0 Bd7 10. Qd2 Nxd4 11. Bxd4 Bc6 12. f3 a5 13. b3 Nd7 14. Be3 Nc5 15. Rab1 Qb6 16. Rfc1 Rfc8 17. Nd5 Qd8 18. Bg5 f6 19. Be3 e6 20. Nf4 Qf8 21. Rd1 Rd8 22. Qe1 Re8 23. Qg3 f5 24. exf5 Qxf5 25. Nd3 Rad8 26. Qf2 Nd7 27. Rbc1 d5 28. Rd2 Ne5 29. Nxe5 Bxe5 30. Rcd1 a4 31. Bd3 Qf6 32. Bc2 dxc4 33. bxc4 Rxd2 34. Rxd2 Bc7 35. Rd4 Rf8 36. Qh4 Qe5 37. Qh6 Rf7 38. Rd1 Rd7 39. Re1 Bb6 40. Kf1 Qc3 1/2-1/2

[Event "IECG WC.2004.P.00017 email"]
[Site "IECG email"]
[Date "2001.01.22"]
[Round "?"]
[White "Rakus, Klaus Dieter"]
[Black "Ros, Antonio"]
[Result "0-1"]
[WhiteElo "1400"]
[BlackElo "2100"]
[PlyCount "52"]
[EventDate "2001.01.22"]
[EventType "tourn (corr)"]
[EventRounds "8"]
[SourceTitle "Corr 2008"]
[Source "ChessBase"]
[SourceDate "2008.06.24"]
[SourceVersion "1"]
[SourceVersionDate "2008.06.24"]
[SourceQuality "1"]

1. d4 d5 2. g3 Nf6 3. Bg2 e6 4. Nf3 Be7 5. 0-0 0-0 6. c4 dxc4 7. Qc2 a6 8. a4 Bd7 9. Rd1 Bc6 10. Qxc4 Bd5 11. Qd3 Nc6 12. Nc3 Nb4 13. Qb1 Bb3 14. Rd2 a5 15. Ra3 Bc4 16. Ne5 Ba6 17. Rb3 c5 18. dxc5 Qc7 19. Nd3 Nxd3 20. exd3 Bxc5 21. Rd1 Rac8 22. Be3 Bb4 23. Ne2 Ng4 24. Qc1 Qe5 25. Nc3 Rfd8 26. Bb6 Rd6 0-1

[Event "IECG WC.2004.P.00017 email"]
[Site "IECG email"]
[Date "2001.01.22"]
[Round "?"]
[White "Ros, Antonio"]
[Black "Bendig, Frank"]
[Result "1/2-1/2"]
[WhiteElo "2100"]
[BlackElo "1999"]
[PlyCount "135"]
[EventDate "2001.01.22"]
[EventType "tourn (corr)"]
[EventRounds "8"]
[SourceTitle "Corr 2008"]
[Source "ChessBase"]
[SourceDate "2008.06.24"]
[SourceVersion "1"]
[SourceVersionDate "2008.06.24"]
[SourceQuality "1"]

1. c4 c5 2. Nc3 Nf6 3. Nf3 e6 4. g3 b6 5. Bg2 Bb7 6. 0-0 Be7 7. d4 cxd4 8. Qxd4 d6 9. Bg5 a6 10. Bxf6 Bxf6 11. Qd3 Be7 12. Rfd1 Ra7 13. Ne4 0-0 14. Rac1 Ba8 15. a3 Nd7 16. b4 Qb8 17. Qe3 Rc8 18. Bh3 Nf8 19. Nfg5 h6 20. Nf3 Bxe4 21. Qxe4 Rac7 22. Nd2 b5 23. Qd4 Nd7 24. f4 Nb6 25. f5 e5 26. Qf2 Bg5 27. e3 Nxc4 28. Nxc4 Rxc4 29. Rxc4 Rxc4 30. Qe1 Qb6 31. Bg2 e4 32. Kh1 Qc6 33. h4 Bf6 34. Qf2 Be5 35. g4 Rc3 36. g5 d5 37. g6 fxg6 38. fxg6 Qxg6 39. Qa2 Qe6 40. Kg1 Rxe3 41. Qxd5 Qxd5 42. Rxd5 Bf6 43. h5 Rxa3 44. Bxe4 Bc3 45. Bg6 Kf8 46. Rd7 Bxb4 47. Rf7+ Kg8 48. Kg2 Bf8 49. Rd7 b4 50. Bf7+ Kh7 51. Bg6+ Kh8 52. Ra7 Kg8 53. Bf7+ Kh7 54. Bg6+ Kh8 55. Kf1 a5 56. Ke2 a4 57. Bc2 Ra2 58. Kd1 b3 59. Bd3 a3 60. Bc4 Ra1+ 61. Kd2 Bb4+ 62. Ke2 Re1+ 63. Kd3 Rd1+ 64. Ke4 Rd8 65. Bxb3 Kh7 66. Bf7 Rc8 67. Be6 Rd8 68. Bf7 1/2-1/2

[Event "IECG WC.2004.P.00017 email"]
[Site "IECG email"]
[Date "2001.01.22"]
[Round "?"]
[White "Ros, Antonio"]
[Black "Smith, Douglas Royston"]
[Result "1-0"]
[WhiteElo "2100"]
[BlackElo "2104"]
[PlyCount "23"]
[EventDate "2001.01.22"]
[EventType "tourn (corr)"]
[EventRounds "8"]
[SourceTitle "Corr 2008"]
[Source "ChessBase"]
[SourceDate "2008.06.24"]
[SourceVersion "1"]
[SourceVersionDate "2008.06.24"]
[SourceQuality "1"]

1. c4 c5 2. Nc3 b6 3. e4 d6 4. d4 cxd4 5. Qxd4 Nc6 6. Qe3 Nf6 7. Nf3 g6 8. Be2 Bg7 9. 0-0 0-0 10. Nd5 Bb7 11. Rd1 Rc8 12. Rb1 1-0